| 000 | 00406nam a2200157Ia 4500 | ||
|---|---|---|---|
| 008 | 230524s9999 xx 000 0 und d | ||
| 082 |
_a621.38 _bREE |
||
| 100 | _aJeffrey H.Reed | ||
| 245 | 0 | _aSoftware Radio : A Modern Approach to Radio Engineering | |
| 250 | _a1ST | ||
| 260 |
_aNEW DELHI _bPearson _c2002 |
||
| 300 | _aXX;567 | ||
| 500 | _aQuantity Number: 2 | ||
| 650 | _aElectronics | ||
| 942 | _cBK | ||
| 999 |
_c23904 _d23904 |
||